| 000 | 00548nam a22001697a 4500 | ||
|---|---|---|---|
| 005 | 20251108164014.0 | ||
| 008 | 250721s1988 xx 000 0 ara d | ||
| 082 | 1 | 4 | _a210.4331/عزت |
| 100 | 1 | _aالطويل، عزت عبد العظيم | |
| 245 | 1 | 0 | _aهموم العمل و العمال دراسة نفسية توافقية / |
| 264 | 1 |
_aالإسكندرية : _bدار المظبوعات الجديدة، _c1988. |
|
| 300 | _a77ص. | ||
| 650 | 1 | 7 | _aالإسلام |
| 650 | 1 | 7 | _aالعمل و العمال |
| 942 |
_2ddc _cBK |
||
| 999 |
_c1224 _d1224 |
||